Lý thuyết điều khiển tự động
Gorde:
| Formatua: | Liburua |
|---|---|
| Etiketak: |
Etiketa erantsi
Etiketarik gabe, Izan zaitez lehena erregistro honi etiketa jartzen!
|
| Thư viện lưu trữ: | Mạng thư viện Đại học Đà Nẵng |
|---|
| LEADER | 00594nam a2200205 4500 | ||
|---|---|---|---|
| 001 | 000008276 | ||
| 003 | 4462 | ||
| 005 | 20150812140823.0 | ||
| 008 | 111014s sd | ||
| 082 | 1 | |a 629.801 |b PH-N | |
| 245 | 0 | 0 | |a Lý thuyết điều khiển tự động |
| 774 | |a Phạm Công Ngô |b In lần thứ 4 |d H. |d Khoa học và kỹ thuật |d 1998 |g Tập 1 |h 404tr. |w 4465 | ||
| OWN | |a LSP | ||
| 999 | |a From the UDN01 | ||
| TYP | |a Monograph | ||
| TYP | |a Printed language | ||
| 980 | |a Mạng thư viện Đại học Đà Nẵng | ||